000 00477cam a2200181ua 4500
041 _aeng
_h
082 _a920
_bPEP/DI
100 _aPepys, Samuel .
245 _aDiary of Samuel Pepys, Vol 1 /
_cSamuel Pepys.
_hTextual Documents
260 _aLondon :
_bJ M Dent and Sons Ltd ,
_c1959.
300 _a507 ; .
440 0 _aEveryman`s Library,
_v53
_x;
490 0 _aEveryman`s Library,
_v53
_x;
504 _a
942 _cBK
999 _c797
_d797